00251nam a2200085Ia 4500008004100000100001700041245007600058260002200134260000900156170620s9999 xx 000 0 und d aMishra- O.P. 0aMOOT COURT Pre-Trial Preparation and Perticipation in Trial Proceedings bCentral Law Pub. c2007